Tư vấn quản lý: Một quan điểm mới với sự hỗ trợ của các công cụ được tuyển chọn toàn diện = An innovative view of management consultancy : Complemented by a comprehensive selection of tools / Koenraad
Sách nói về tóm tắt mô tả và phân tích các công cụ tư duy, phân tích trong ngành quản trị học
Đã lưu trong:
| Príomhúdar: | |
|---|---|
| Formáid: | Leabhar |
| Teanga: | Undetermined |
| Foilsithe: |
Thành phố Hồ Chí Minh
Tổng hợp thành phố Hồ Chí Minh
2008
|
| Ábhair: | |
| Clibeanna: |
Cuir Clib Leis
Gan Chlibeanna, Bí ar an gcéad duine leis an taifead seo a chlibeáil!
|
| Thư viện lưu trữ: | Trung tâm Học liệu Trường Đại học Cần Thơ |
|---|
| LEADER | 01040nam a2200217Ia 4500 | ||
|---|---|---|---|
| 001 | CTU_185796 | ||
| 008 | 210402s9999 xx 000 0 und d | ||
| 020 | |c 80000 | ||
| 082 | |a 658 | ||
| 082 | |b T661 | ||
| 100 | |a Tommissen, Koenraad | ||
| 245 | 0 | |a Tư vấn quản lý: Một quan điểm mới với sự hỗ trợ của các công cụ được tuyển chọn toàn diện = | |
| 245 | 3 | |b An innovative view of management consultancy : Complemented by a comprehensive selection of tools / Koenraad | |
| 245 | 0 | |c Koenraad Tommissen; Dương Ngọc Dũng (người dịch) | |
| 260 | |a Thành phố Hồ Chí Minh | ||
| 260 | |b Tổng hợp thành phố Hồ Chí Minh | ||
| 260 | |c 2008 | ||
| 520 | |a Sách nói về tóm tắt mô tả và phân tích các công cụ tư duy, phân tích trong ngành quản trị học | ||
| 650 | |a Management,Quản trị học | ||
| 910 | |a Ngô Hồng Xuân | ||
| 980 | |a Trung tâm Học liệu Trường Đại học Cần Thơ | ||